Estadísticas para Estados de EE. UU. con un mapa vacío

Haz click aquí para tomar la prueba!

Estadísticas generales

  • Esta prueba ha sido tomada 10.568 veces
  • La puntuación promedio es 38 de 50

Respuestas en el mapa

Las respuestas están codificadas por una escala verde-roja en el mapa de la prueba según el % correcto abajo.
Cargando...
 

Estadísticas de respuestas

Estado% Correcto
California
97%
Texas
96%
Nueva York
93%
Washington
93%
Florida
92%
Nuevo México
90%
Carolina del Norte
87%
Carolina del Sur
87%
Nevada
87%
Alabama
85%
Dakota del Norte
85%
Dakota del Sur
85%
Alaska
84%
Arizona
84%
Colorado
84%
Hawái
81%
Arkansas
80%
Oregon
80%
Virginia
80%
Misisipi
79%
Ohio
79%
Kansas
78%
Utah
78%
Georgia
77%
Nueva Jersey
77%
Illinois
76%
Idaho
75%
Míchigan
75%
Montana
75%
Luisiana
74%
Wyoming
73%
Maine
72%
Oklahoma
72%
Indiana
71%
Kentucky
71%
Misuri
71%
Pensilvania
71%
Nebraska
70%
Tennessee
69%
Wisconsin
69%
Virginia Occidental
68%
Iowa
67%
Delaware
66%
Massachusetts
66%
Rhode Island
66%
Vermont
66%
Maryland
64%
Minnesota
63%
Connecticut
62%
Nuevo Hampshire
58%

Distribución de puntuación

Porcentaje por número respondido

Porcentaje de gente con cada puntuación

Historial de tus puntuaciones

No has tomado esta prueba